Estadísticas para Elementos con 5 letras

Haz click aquí para tomar la prueba!

Estadísticas generales

  • Esta prueba ha sido tomada 140 veces
  • La puntuación promedio es 18 de 28

Estadísticas de respuestas

Elemento% Correcto
Plata
82%
Argón
81%
Xenón
81%
Litio
80%
Cesio
79%
Cloro
78%
Radio
78%
Bromo
78%
Plomo
77%
Bario
75%
Cobre
74%
Radón
71%
Cromo
69%
Sodio
66%
Galio
64%
Helio
61%
Renio
60%
Talio
57%
Curio
55%
Rodio
52%
Indio
51%
Flúor
46%
Cerio
45%
Torio
44%
Tulio
43%
Itrio
43%
Osmio
42%
Erbio
33%

Distribución de puntuación

Porcentaje por número respondido

Porcentaje de gente con cada puntuación

Historial de tus puntuaciones

No has tomado esta prueba